The Wars of the Roses

Αποθηκεύτηκε σε:
Λεπτομέρειες βιβλιογραφικής εγγραφής
Κύριος συγγραφέας: Hicks, M. A. (Michael A.), 1948-
Μορφή: Βιβλίο
Γλώσσα:English
Δημοσίευση: New Haven and London : Yale University Press, 2010
Θέματα:
Ετικέτες: Προσθήκη ετικέτας
Δεν υπάρχουν, Καταχωρήστε ετικέτα πρώτοι!

MARC

LEADER 00000cam a2200000 i 4500
001 1/65372
008 150129s2010 eng d
020 |a 978-0-300-18157-9 
035 |l 10120778 
040 |a GR-MY-UA  |b gre  |e aacr 
041 0 |a eng 
082 0 |a 942.04  |2 (23) 
100 1 |a Hicks, M. A.   |q (Michael A.),   |d 1948- 
245 1 4 |a The Wars of the Roses /  |c Michael Hicks 
260 |a New Haven and London :   |b Yale University Press,   |c 2010 
300 |a xxi, 332 σ.;  |c 24 εκ. 
504 |a Περιλαμβάνει βιβλιογραφία και ευρετήριο 
651 0 |a Great Britain  |x History  |y Wars of the Roses, 1455-1485. 
651 0 |a Great Britain  |x History  |y Lancaster and York, 1399-1485. 
852 |a INST  |b LESVOS  |e 20150129  |h 942.04 HIC  |p 005100056148  |q 005100056148  |t BK  |y 0 
901 |a BIBL1-2015-1 
909 |a Λ  |b 191614 
970 |a ΤΖΑΦΕΡΗ  |b ΕΥΑΓΓΕΛΙΑ  |z 2015/01/29